LEADER 02522nam 2200565Ia 450 001 9910456334703321 005 20200520144314.0 010 $a1-281-05616-2 010 $a9786611056162 010 $a0-08-047605-8 035 $a(CKB)111086906342804 035 $a(EBL)294395 035 $a(OCoLC)54360257 035 $a(SSID)ssj0000110457 035 $a(PQKBManifestationID)11138180 035 $a(PQKBTitleCode)TC0000110457 035 $a(PQKBWorkID)10062487 035 $a(PQKB)10985584 035 $a(MiAaPQ)EBC294395 035 $a(Au-PeEL)EBL294395 035 $a(CaPaEBR)ebr10044834 035 $a(CaONFJC)MIL105616 035 $a(EXLCZ)99111086906342804 100 $a20020409d2003 uy 0 101 0 $aeng 135 $aur|n|---||||| 181 $ctxt 182 $cc 183 $acr 200 00$aBest damn Cisco internetworking book period$b[electronic resource] /$fCallisma Inc. Staff 210 $aRockland, Mass. $cSyngress$d2003 215 $a1 online resource (1169 p.) 300 $aIncludes index. 311 $a1-931836-91-4 327 $aCover; Contents; Chapter 1 Cisco Technologies, Routers, and Switches; Chapter 2 Wide Area Networking (WAN); Chapter 3 Wireless Networking; Chapter 4 IP Addressing, Multicasting, and IPv6; Chapter 5 IP Routing; Chapter 6 Quality of Service (QoS); Chapter 7 Cisco Network Security; Chapter 8 Cisco PIX Firewall; Chapter 9 Cisco Voice over IP; Index; Related Books 330 $aThe Best Damn Cisco Internetworking Book Period shows readers everything they need to know about all Cisco internetworking topics. The book provides an understanding of Cisco's current VoIP solutions and the means to put them to work, showing how to configure all of Cisco's core VoIP products-among them Cisco CallManager software, Cisco 7910 series phones, and server-based IP PBXs. It discusses IPv6 Protocols, as well as IP Quality of Service (QoS) and how it applies to Enterprise and Internet Service Provider (ISP) environments. In addition, Cisco wireless technologies are covered in 606 $aInternetworking (Telecommunication) 606 $aComputer networks 608 $aElectronic books. 615 0$aInternetworking (Telecommunication) 615 0$aComputer networks. 676 $a004.6/2 676 $a004.62 801 0$bMiAaPQ 801 1$bMiAaPQ 801 2$bMiAaPQ 906 $aBOOK 912 $a9910456334703321 996 $aBest damn Cisco internetworking book period$92229486 997 $aUNINA LEADER 01731nam 2200541Ka 450 001 9910695573203321 005 20070130103708.0 035 $a(CKB)5470000002371036 035 $a(OCoLC)80738749 035 $a(EXLCZ)995470000002371036 100 $a20070130d2000 ua 0 101 0 $aeng 181 $ctxt$2rdacontent 182 $cc$2rdamedia 183 $acr$2rdacarrier 200 10$aBOREAS TE-1 SSA soil lab data$b[electronic resource] /$fTim Nerbas and Darwin Anderson 210 1$aGreenbelt, Md. :$cNASA Goddard Space Flight Center,$d[2000] 215 $a1 volume $cdigital, PDF file 225 1 $aTechnical report series on the Boreal Ecosystem-Atmosphere Study (BOREAS) ;$v124 225 1 $aNASA/TM ;$v2000-209891, v. 124 300 $aTitle from title screen (viewed on Jan. 30, 2007). 300 $a"October 2000." 320 $aIncludes bibliographical references. 606 $aData acquisition$2nasat 606 $aEarth observations (from space)$2nasat 606 $aEcology$2nasat 606 $aRemote sensing$2nasat 606 $aSoil mapping$2nasat 606 $aSoil sampling$2nasat 606 $aSoil science$2nasat 606 $aSoils$2nasat 615 7$aData acquisition. 615 7$aEarth observations (from space) 615 7$aEcology. 615 7$aRemote sensing. 615 7$aSoil mapping. 615 7$aSoil sampling. 615 7$aSoil science. 615 7$aSoils. 700 $aNerbas$b Tim$01414499 701 $aAnderson$b Darwin$01401654 712 02$aGoddard Space Flight Center. 801 0$bGPO 801 1$bGPO 906 $aBOOK 912 $a9910695573203321 996 $aBOREAS TE-1 SSA soil lab data$93513867 997 $aUNINA